| 000 | 00403nam a2200145Ia 4500 | ||
|---|---|---|---|
| 008 | 231129s1998||||xx |||||||||||||| ||spa|| | ||
| 020 | _a958-20-0411-8 | ||
| 040 | _bspa | ||
| 082 | _aCo861.44 / L735p | ||
| 100 | _aLinero Montes Fernando | ||
| 245 | 0 | _aPalabras para el hombre | |
| 260 | _c1998 | ||
| 264 | _aCooperativa Editorial Magisterio | ||
| 942 |
_2ddc _cBKS |
||
| 999 |
_c22338 _d22338 |
||